LIBRARY ONLINE CATALOGUE

Textbook of medical parasitology (Record no. 16070)

MARC details
000 -LEADER
fixed length control field 00597nam a22001817a 4500
008 - FIXED-LENGTH DATA ELEMENTS--GENERAL INFORMATION
fixed length control field 160921b xxu||||| |||| 00| 0 eng d
020 ## - INTERNATIONAL STANDARD BOOK NUMBER
International Standard Book Number 8180619370
040 ## - CATALOGING SOURCE
Original cataloging agency KABU
Transcribing agency KABU
050 ## - LIBRARY OF CONGRESS CALL NUMBER
Classification number QR251
Item number .P36 2011 C.1
100 ## - MAIN ENTRY--PERSONAL NAME
Personal name Paniker, CK Jayaram
245 ## - TITLE STATEMENT
Title Textbook of medical parasitology
Statement of responsibility, etc. by CK Jayaram Paniker
250 ## - EDITION STATEMENT
Edition statement 6th ed.
260 ## - PUBLICATION, DISTRIBUTION, ETC. (IMPRINT)
Place of publication, distribution, etc. New Delhi
Name of publisher, distributor, etc. Jaypee brothers medical publishers
Date of publication, distribution, etc. 2011
300 ## - PHYSICAL DESCRIPTION
Extent 235 p.
650 ## - SUBJECT ADDED ENTRY--TOPICAL TERM
Source of heading or term Medical parasitology
General subdivision Textbooks
650 ## - SUBJECT ADDED ENTRY--TOPICAL TERM
Source of heading or term Parasitic diseases
General subdivision Textbooks
942 ## - ADDED ENTRY ELEMENTS (KOHA)
Source of classification or shelving scheme Library of Congress Classification
Koha item type General Collection
Edition 6th ed.
Classification part QR251 .P36 2011 C.1
Holdings
Withdrawn status Lost status Source of classification or shelving scheme Not for loan Home library Current library Date acquired Cost, normal purchase price Total Checkouts Total Renewals Full call number Barcode Date last seen Date last checked out Price effective from Koha item type
    Library of Congress Classification   Kabarak, Main Campus Kabarak, Main Campus 21/09/2016 3120.26 36 7 QR251 .P36 2011 C.1 026777 15/06/2026 18/05/2026 21/09/2016 General Collection